000 00885nam a22003017a 4500
001 BR0102509
003 BR-BrBNA
005 20230928100904.0
007 ta
008 230509b bl.||||| |||| 00| 0 por d
040 _aBR-BrBNA
_bpor
_cBiblioteca Nacional de Agricultura
041 _a(Por)
072 _aK10; E14
090 _ K10 BR0102509
100 1 _aBraid, E. da C.M.(coord.)
110 1 _aSuperintendencia Estadual do Meio Ambiente, Fortaleza, CE (Brasil)
_910226
245 1 _aDiagnostico florestal do Estado do Ceara
260 3 _aFortaleza, CE (Brasil):
_c1993.
300 _a78 p.
500 _a39 ref.; 26 tables; 10 illus.
650 _aFloresta
650 _aReconhecimento Florestal
650 _aZoneamento Florestal
650 _aProducao Florestal
650 _aProjeto de Desenvolvimento
909 _a202309
_bLucia
_c55
_dLucia Elande
942 _cBK
999 _c63263
_d63263